000 01050cad a22002655a 4500
001 L148506
008 090928e20090904xxk f l f000 0 eng d
035 _a(Sirsi) u148506
041 0 _aeng
050 0 4 _a346.420438 $2 21
110 2 _aUnited Kingdom
_kLaws, etc.
_95044
245 0 4 _aThe Local Land Charges (Amendment) Rules 2009
_h[electronic resource]
260 _aLondon
_bOPSI
_c2009
490 0 _aSI
_v(2494 (L.27)) 2009
520 _aAmend the Local Land Charges Rules 1977 by substituting in Schedule 3 (fees) an increased fee of £22 for a personal search in the register in respect of one parcel of land.
520 _aComes into force on 1st January 2010.
521 _aAdvanced
590 _aKA
650 2 4 _aLOCAL LAND CHARGES (AMENDMENT) RULES 2009
650 2 4 _aLOCAL LAND CHARGES RULES 1977
651 4 _aEngland
_y886-
690 _aPROPERTY-PROPERTY ACQUISITION AND DISPOSAL
856 4 0 _uhttps://www.opsi.gov.uk/si/si2009/uksi_20092494_en_1
_zView the item free of charge online at www.opsi.gov.uk...
942 _n0
999 _c110075
_d110075